Responses for Show #2894 - Thursday, March 13, 1997

Contestants

[<< previous game]

Charlotte Travieso, a management consultant from Washington, D.C.

John Hammond, a marketing director originally from New Orleans, Louisiana

Brian Hamill, a chemical engineer from Nahant, Massachusetts (whose 1-day cash winnings total $5,550)

[next game >>]

Jeopardy! Round responses

MYTHS & LEGENDS
MOVIE QUOTES
THE FANNIE FARMER COOKBOOK
THE 1880s
FINANCE
REVERSE-A-WORD
(Alex: This is a new category for us; it's a little bit like anagrams; the correct response will be the reverse of one of the words in the clue)
    $100 16
Dragon

Triple Stumper
    $100 6
The Godfather

Brian
    $100 12
Beets

John
    $100 14
(J: What is South Africa?)

Diamonds

JohnCharlotte
    $100 11
Overdraft protection

Charlotte
    $100 1
Saw (was)

Triple Stumper
    $200 17
Werewolf

Brian
    $200 7
"Yabba-Dabba-Doo!"

John
    $200 15
(J: What are tomatoes?)
(C: What are grapes?)

Apples

JohnCharlotte
Triple Stumper
    $200 19
Henry Stanley

Charlotte
    $200 13
Blue chip

John
    $200 2
Grub (burg)

Brian
    $300 18
Aztecs

John
    $300 8
(B: What is "In The Line Of Duty?")

In The Line Of Fire

BrianJohn
    $300 20
(Alex: Good for her!)

Mincemeat

Charlotte
    $300 27
[The end-of-round signal sounds.]

IOU

John
    $300 3
Tort (trot)

Brian
    $400 23
The Flying Dutchman

Triple Stumper
    $400 9
Ritchie Valens

John
    $400 21
Almond paste

Charlotte
    $400 26
Assets

John
    $400 4
Eros (sore)

Charlotte
    $500 24
Dido

Triple Stumper
    $500 10
The Hand That Rocks The Cradle

Brian
    $500 22
(one minute to go...)

Mustard

Charlotte
    $500 25
(C: What is Nissei?)
(Alex: They mean different things)

Nikkei

JohnCharlotte
    $500 5
Straw (warts)

Brian

Scores at the first commercial break (after clue 13):

Brian John Charlotte
$1,300 $1,200 $500

Scores at the end of the Jeopardy! Round:

Brian John Charlotte
$1,500 $2,400 $1,300

Double Jeopardy! Round responses

HAWAIIANS
COLLEGES & UNIVERSITIES
SCIENCE & NATURE
WOMEN OF SONG
WORLD GEOGRAPHY
LITERATI
    $200 24
Bette Midler

Brian
    $200 1
Chicago

Charlotte
    $200 10
(C: What is a capybara?)
(J: What is a kangaroo?)

Opossum

BrianCharlotte
Triple Stumper
    $200 9
Cher

Charlotte
    $200 6
Atlantic Ocean

Charlotte
    $200 18
Scribner

John
    $400 25
Daniel Inouye

Brian
    $400 2
Dayton

Triple Stumper
    $400 11
(C: What is the iris?)

Tulip

Charlotte
Triple Stumper
    $400 12
Linda Ronstadt

Charlotte
    $400 7
Persian Gulf

Brian
    $400 19
(B: Who is Faulkner?)

Thomas Wolfe

BrianJohn
    $600 28
(B: Who is St. Francis of Assisi?)

Father Damien

Brian
Triple Stumper
    $600 3
Radcliffe

John
    $600 23
(B: What is a battery?)
(we have less than a minute to go, John...)

Leyden jar

Brian
Triple Stumper
    $600 13
Heart

John
    $600 8
Po

John
    $600 20
William Faulkner

Charlotte
    $800 4
(B: What is Cornell?)

Syracuse University

Brian
Triple Stumper
    $800 26
Salamanders

Brian
    $800 14
Shania Twain

John
    $800 16
(B: What is the Dead Sea?)

Caspian Sea

BrianJohn
    $1,700 21
(C: I don't know.)

Ralph Waldo Emerson

Charlotte
    $1000 29
(Brian: Who is Weissmuller?)
[The end-of-round signal sounds.]

Duke Kahanamoku

Brian
Triple Stumper
    $1000 5
Baylor

Brian
    $1000 27
White dwarf

Brian
    $1000 15
Melissa Etheridge

Brian
    $1,000 17
El Salvador

John
    $1000 22
Damon Runyon

John

Scores at the end of the Double Jeopardy! Round:

Brian John Charlotte
$1,900 $8,400 $600
(lock game)

[wagering suggestions for these scores]

Final Jeopardy! Round responses

U.S. PRESIDENTS
(Alex: Popular subject for us and I hope for you!)
(Alex: It would help if you knew when Arizona became the 48th state.)
CharlotteWho was Truman & Eisenhower?
$550
BrianWho is Eisenhower?
$1,900
JohnWho are Wilson & Truman?
$4,000
William Howard Taft & Dwight Eisenhower

Final scores:

Brian John Charlotte
$0 $4,400 $50
3rd place: Michael C. Fina Co. silverplate flatware New champion: $4,400 2nd place: Lane Chippendale game table & chairs + University Games board games

Game dynamics:

Coryat scores:

Brian John Charlotte
$1,900 $8,400 $2,300
13 R,
8 W
18 R
(including 1 DD),
2 W
12 R,
5 W
(including 1 DD)

Combined Coryat: $12,600

[game clues] [game scores] [suggest correction]

Game tape date: 1996-12-03
The J! Archive is created by fans, for fans. Scraping, republication, monetization, and malicious use prohibited; this site may use cookies and collect identifying information. See terms. The Jeopardy! game show and all elements thereof, including but not limited to copyright and trademark thereto, are the property of Jeopardy Productions, Inc. and are protected under law. This website is not affiliated with, sponsored by, or operated by Jeopardy Productions, Inc. Join the discussion at JBoard.tv.